000
00324nam a2200121 a 4500
005
20141022142004.0
008
100826s19uu xx 00 eng d
050
_a
VCD
_b
B72 2004
245
_a
Breastfeeding :
_b
protecting a natural resources.
650
_a
VCD NUR
650
_a
Protecting a natural resource
942
_c
AVM
999
_c
276420
_d
276420